00430nam a2200157Ia 45000010006000000050017000060080041000230410008000640820015000721000032000872450100001192600009002193000028002286500008002566540008002642071720260306172826.0260306t1997||||xx |||||||||||||| ||spa|| aESP a343.7bL55 aEditora Normas LegaleseAUT 0aLey de normas generales de procedimientos administrativos:bT.U.O Decreto Supremo Nº 02-94-JUS c1997 a135 páginas :c24 cm. aGEN aCDE